000 00625nam a2200193 a 4500
005 20240911063955.0
008 010601s2000 mx r 000 0 spa d
020 _a1564967166
035 _aUPN01000107318
049 _aCG
050 4 _aNC975
_bP8.2 2000
245 0 0 _a35th publication design annual /
_cthe Society of Publication Designers.
260 _aMassachusetts :
_bRockport;
_aCincinnati, Ohio :
_bNorth Light,
_c2000.
300 _a272 p. :
_bil. col.
650 4 _aArte comercial
_92449
650 4 _aPUBLICACIONES PERIODICAS -
_xDISEÑO
_919119
710 2 _aThe Society of Publication Designers
905 _aLibro
999 _c81230
_d81230